[Event "Begonia op 58th"]
[Site "Ballarat"]
[Date "2024.03.11"]
[Round "7"]
[White "Skiotis, Pano"]
[Black "Li, Tedric"]
[Result "0-1"]
[WhiteElo "2058"]
[BlackElo "1950"]
[PlyCount "90"]
[EventDate "2024.03.09"]
[EventType "swiss"]
[EventRounds "7"]
[EventCountry "AUS"]
[SourceTitle "CB11_2024"]
[SourceDate "2024.03.13"]
[SourceVersion "1"]
[SourceVersionDate "2024.03.13"]
[SourceQuality "1"]

1. d4 Nf6 2. c4 g6 3. Nc3 d5 4. cxd5 Nxd5 5. Nf3 Bg7 6. Na4 0-0 7. e4 Nb6 8. Nc5 N6d7 9. Nxd7 Nxd7 10. Bg5 c5 11. d5 Bxb2 12. Rb1 Bf6 13. Qd2 e5 14. dxe6 fxe6 15. Rd1 Bxg5 16. Nxg5 Qf6 17. h4 Ne5 18. f3 Bd7 19. Be2 b6 20. 0-0 Rfd8 21. f4 Nc6 22. e5 Qe7 23. h5 Nd4 24. hxg6 hxg6 25. Bd3 Bc6 26. Qf2 Kg7 27. Ne4 Bxe4 28. Bxe4 Rac8 29. Rd3 Rh8 30. Rg3 Rh6 31. Rg5 b5 32. Qe3 Rch8 33. Kf2 Rf8 34. Kg1 Nf5 35. Qc3 c4 36. g4 Qc5+ 37. Rf2 Rh2 38. Bg2 Nh4 39. Kxh2 Qxf2 40. Qg3 Qxg2+ 41. Qxg2 Nxg2 42. f5 exf5 43. gxf5 Rxf5 44. Rxg2 Rxe5 45. Rd2 Rc5 0-1

[Event "Titled Tuesday intern op 24th Oct Late"]
[Site "Chess.com INT"]
[Date "2023.10.24"]
[Round "2"]
[White "Toncheva, Nadya"]
[Black "Li, Tedric"]
[Result "1-0"]
[WhiteElo "2253"]
[BlackElo "1915"]
[PlyCount "61"]
[EventDate "2023.10.24"]
[EventType "swiss (blitz)"]
[EventRounds "11"]
[EventCountry "USA"]
[SourceTitle "Mega2024 Update 01"]
[Source "Chessbase"]
[SourceDate "2023.11.12"]
[SourceVersion "1"]
[SourceVersionDate "2023.11.12"]
[SourceQuality "1"]

1. d4 Nf6 2. c4 c5 3. d5 e6 4. Nc3 exd5 5. cxd5 d6 6. e4 g6 7. f4 Bg7 8. Bb5+ Nfd7 9. a4 0-0 10. Nf3 a6 11. Be2 Re8 12. 0-0 Qc7 13. Be3 c4 14. Bd4 Bf8 15. e5 dxe5 16. fxe5 Bc5 17. Bxc5 Qxc5+ 18. Kh1 Nxe5 19. Ne4 Qb6 20. a5 Qd8 21. Qd4 Nbd7 22. Nxe5 Nxe5 23. Nf6+ Kg7 24. Nxe8+ Qxe8 25. Rae1 f6 26. Bxc4 Bf5 27. d6 Qd7 28. Rxe5 fxe5 29. Qxe5+ Kh6 30. Rf4 Bg4 31. Rf7 1-0

[Event "Titled Tuesday intern op 05th Sep Late"]
[Site "Chess.com INT"]
[Date "2023.09.05"]
[Round "1"]
[White "Li, Tedric"]
[Black "Dubnevych, Maksym"]
[Result "0-1"]
[WhiteElo "1947"]
[BlackElo "2391"]
[PlyCount "64"]
[EventDate "2023.09.05"]
[EventType "swiss (blitz)"]
[EventRounds "11"]
[EventCountry "USA"]
[SourceTitle "EXT 2024"]
[Source "ChessBase"]
[SourceDate "2023.10.10"]
[SourceVersion "1"]
[SourceVersionDate "2023.10.10"]
[SourceQuality "1"]

1. d4 Nf6 2. c4 e6 3. Nc3 d5 4. cxd5 exd5 5. Bg5 c6 6. Qc2 Bd6 7. e3 0-0 8. Bd3 h6 9. Bh4 a5 10. Nge2 Na6 11. a3 Nc7 12. 0-0 Ne6 13. f3 Ng5 14. Bf5 Bxf5 15. Qxf5 g6 16. Qd3 Re8 17. Bxg5 hxg5 18. e4 Nh5 19. e5 Bf8 20. g4 Ng7 21. Ng3 Qb6 22. Rab1 Rxe5 23. Na4 Qa7 24. Rfe1 Bd6 25. Rxe5 Bxe5 26. Nc5 Bd6 27. b4 axb4 28. axb4 Re8 29. b5 Bxc5 30. dxc5 Qxc5+ 31. Kg2 Ne6 32. bxc6 Nf4+ 0-1

[Event "Perth op"]
[Site "Perth"]
[Date "2023.01.06"]
[Round "7"]
[White "Li, Tedric"]
[Black "Vlietstra, Marc D"]
[Result "1-0"]
[WhiteElo "1688"]
[BlackElo "2007"]
[PlyCount "102"]
[EventDate "2023.01.02"]
[EventType "swiss"]
[EventRounds "11"]
[EventCountry "AUS"]
[SourceTitle "CBM 212 Extra"]
[Source "ChessBase"]
[SourceDate "2023.03.31"]
[SourceVersion "1"]
[SourceVersionDate "2023.03.31"]
[SourceQuality "1"]

1. d4 Nf6 2. c4 e6 3. Nc3 b6 4. e4 Bb4 5. Bd3 Bb7 6. Qc2 h6 7. Nf3 Bxc3+ 8. bxc3 d6 9. 0-0 Nc6 10. d5 Ne7 11. dxe6 fxe6 12. e5 Nd7 13. Bg6+ Kf8 14. exd6 Nxg6 15. Qxg6 Bxf3 16. gxf3 Qf6 17. Qxf6+ gxf6 18. dxc7 Rc8 19. Ba3+ Nc5 20. Bxc5+ bxc5 21. Rab1 Rg8+ 22. Kh1 Rxc7 23. Rb8+ Kf7 24. Rfb1 Rxb8 25. Rxb8 Kg6 26. Kg2 Kf5 27. Rh8 Kg5 28. f4+ Kxf4 29. Rxh6 Rg7+ 30. Kf1 Ke5 31. f4+ Kf5 32. Kf2 Rb7 33. Ke3 Rb2 34. Rh5+ Kg4 35. Rxc5 Rxa2 36. h3+ Kxh3 37. Rc6 Ra1 38. Ke2 Kg4 39. Rxe6 f5 40. c5 Kxf4 41. c6 Rh1 42. c7 Rh8 43. Kd3 Rc8 44. Rc6 Kf3 45. Kd4 f4 46. Kd5 Ke2 47. Re6+ Kd3 48. Kc6 f3 49. Kb7 f2 50. Rf6 Rxc7+ 51. Kxc7 Ke2 1-0